00688nam a22001697a 4500010001500000020003000015035001400045037001300059082001100072100003900083245009700122260004100219270016200260300002600422500003300448700003700481 aENG-126087 a978-93-8546-290-0c995.00 aEN-109619 bDBAD/PUB a615.19 aAkhter, Mymoona and Alam, M.Mumtaz aPhysical pharmacy and instrumental methods of analysiscby Mymoona Akhter and M. Mumtaz Alam aNew DelhibAne Books Pvt. Ltd.c2018 a4821, Parwana Bhawan, 1st floor, 24 Ansari Road, Darya Ganj,bNew Delhie110002k+91(011)23276843-44mwww.anebooks.com; kapoor@anebooks.coml+91(001)23276863 a225p.b24cm(hb)cill. aits include table and figure aMymoona Akhter and M.Mumtaz Alam